000 00577nam a2200229Ia 4500
003 OSt
005 20221005121813.0
006 a|||||r|||| 00| 0
007 ta
008 221004b |||||||| |||| 00| 0 eng d
024 _a65067
037 _cTextual
040 _aCRL
_cCRL
_beng
041 _2eng
_aeng
082 _aX.1-3.N, G0
100 _aMelchett Lord
_9631167
245 0 _aImperial economic unity
260 _c1930
650 _aINTERNATIONAL ECONOMIC RELATIONS
942 _hX.1-3.N, G0
_cTEXL
_2cc
999 _c1042312
_d1042312